| 000 | 00352nam a2200133Ia 4500 | ||
|---|---|---|---|
| 008 | 230107s9999||||xx |||||||||||||| ||und|| | ||
| 020 | _a10: 0 87220 136 8 | ||
| 040 | _cChuka University Library | ||
| 050 |
_aJC 71 _bP53 1992 |
||
| 100 |
_aG.M.A Grube(ed) _95077 |
||
| 245 | 0 | _aPlato republic | |
| 260 |
_aHacket pub _bIndianapolis _c1992 |
||
| 942 |
_cBK _03 |
||
| 999 |
_c9206 _d9206 |
||